| 000 -CABECERA |
| fixed length control field |
01983nam a22003137a 4500 |
| 003 - IDENTIFICADOR DEL NÚMERO DE CONTROL |
| control field |
AR-CdUCM |
| 008 - DATOS DE LONGITUD FIJA--INFORMACIÓN GENERAL |
| fixed length control field |
190429b ||||| |||| 00| 0 spa d |
| 040 ## - FUENTE DE LA CATALOGACIÓN |
| Agencia/entidad que catalogó originalmente la obra |
MUNICIPALIDAD PROVINCIAL DEL CUSCO |
| Entidad que transcribió la catalogación |
BIBLIOTECA MUNICIPAL DEL CUSCO |
| 082 ## - NÚMERO DE LA CLASIFICACIÓN DECIMAL DEWEY |
| No. de Clasificación |
Cuzco/N°1/1941 |
| 245 ## - MENCIÓN DE TÍTULO |
| Título |
Revista Cuzco : |
| Resto del título |
publicación mensual / |
| Mención de responsabilidad |
Ángel G. Appiani S. director y fundador |
| 260 ## - PUBLICACIÓN, DISTRIBUCIÓN, ETC. |
| Lugar de publicación, distribución, etc. |
Cuzco : |
| Nombre de la editorial, distribuidor, etc. |
H.G. Rozas, |
| Fecha de publicación, distribución, etc. |
1941. |
| 300 ## - DESCRIPCIÓN FÍSICA |
| Nº de Páginas Extensión |
40 páginas. : |
| Otros detalles físicos |
ilustraciones ; |
| Dimensiones |
34 cm. |
| 440 ## - MENCIÓN DE SERIE/PUNTO DE ACCESO ADICIONAL--TÍTULO |
| Título |
Cuzco revista mensual. |
| Número de la parte/sección de una obra |
Año I, N°1, junio 1941. |
| 9 (RLIN) |
47466 |
| 505 ## - NOTA DE CONTENIDO CON FORMATO |
| Nota de contenido formateada |
Contenido: El Cuzco. Carlos Parra del Riego. -- Esclarecimiento del problema del indio. Carlos Ferdinand Cuadros. -- La historia hispanoamericana como proceso dialéctico. Uriel García. -- Las ruinas de Tipón o Muina. Víctor Guillen. -- Breve resumen de la fundación del Cuzco y algunos palacios del mismo. Ángel Appiani. -- Apuntes para la historia del Cusco. José Gabriel Cosio. -- La inevitable sombra. Luis Nieto. -- Una poetisa cuzqueña. Delia Vidal. -- A Cesar Vallejo. Rafael Aguilar. -- Homenaje al Cuzco, Armas del Cuzco, El robador de tejas de Nicola. Eustaquio Kallata. -- La conciencia de clase unidad de los trabajadores. José Lira. -- La curación por los colores. Teófilo Luna Ochoa. -- El funcionalismo en Arquitectura. Oscar Ladrón de Guevara Avilés. -- Ensayo de una ética de las actividades. Antonio Astete Abril. -- Provincias del Cuzco. Urubamba. Willy Rozas Navarro. |
| 650 ## - PUNTO DE ACCESO ADICIONAL DE MATERIA--TÉRMINO DE MATERIA |
| Descriptor |
Historia del Cusco |
| 9 (RLIN) |
1714 |
| 650 ## - PUNTO DE ACCESO ADICIONAL DE MATERIA--TÉRMINO DE MATERIA |
| Descriptor |
Literatura cusqueña |
| 9 (RLIN) |
47467 |
| 650 ## - PUNTO DE ACCESO ADICIONAL DE MATERIA--TÉRMINO DE MATERIA |
| Descriptor |
Poesía cusqueña |
| 9 (RLIN) |
2323 |
| 650 ## - PUNTO DE ACCESO ADICIONAL DE MATERIA--TÉRMINO DE MATERIA |
| Descriptor |
Arquitectura |
| 9 (RLIN) |
3356 |
| 650 ## - PUNTO DE ACCESO ADICIONAL DE MATERIA--TÉRMINO DE MATERIA |
| Descriptor |
Siglo XX |
| 9 (RLIN) |
47468 |
| 700 ## - PUNTO DE ACCESO ADICIONAL--NOMBRE DE PERSONA |
| Nombre Personal |
García, José Uriel |
| 9 (RLIN) |
3684 |
| 700 ## - PUNTO DE ACCESO ADICIONAL--NOMBRE DE PERSONA |
| Nombre Personal |
Cuadros, Carlos Ferdinand |
| 9 (RLIN) |
29707 |
| 700 ## - PUNTO DE ACCESO ADICIONAL--NOMBRE DE PERSONA |
| Nombre Personal |
Guillen, Víctor |
| 9 (RLIN) |
45908 |
| 700 ## - PUNTO DE ACCESO ADICIONAL--NOMBRE DE PERSONA |
| Nombre Personal |
Appiani, Ángel |
| 9 (RLIN) |
47469 |
| 700 ## - PUNTO DE ACCESO ADICIONAL--NOMBRE DE PERSONA |
| Nombre Personal |
Cosio, José Gabriel |
| 9 (RLIN) |
11720 |
| 700 ## - PUNTO DE ACCESO ADICIONAL--NOMBRE DE PERSONA |
| Nombre Personal |
Nieto Mirando, Luis |
| 9 (RLIN) |
46131 |
| 700 ## - PUNTO DE ACCESO ADICIONAL--NOMBRE DE PERSONA |
| Nombre Personal |
Ladrón de Guevara Avilés, Oscar |
| 9 (RLIN) |
46572 |
| 942 ## - ELEMENTOS DE PUNTO DE ACCESO ADICIONAL (KOHA) |
| Fuente de clasificación |
|
| Tipo de item |
Revistas cusqueñas |
| 945 ## - PROCESAMIENTO DE INFORMACIÓN LOCAL (OCLC) |
| Catalogador |
rac |